Jarní vody blues /

Main Author: Čech, František, 1907-1975
Other Authors: Adamec, Eugen
Language: Czech
Published: Praha : Tkačuk, 1946
Physical Description: 1 sv. (nestránkován)
Musical Score Musical Score
Saved in:
LEADER 00748ncm a22002292a 4500
001 000220506
003 CZ BrMZK
005 20130409104300.0
007 qu
008 960101s1946 xr f cze d
040 |a BOA001  |b cze 
072 7 |a 784  |x Vokální hudba  |2 Konspekt  |9 9 
100 1 |a Čech, František,  |d 1907-1975  |7 xx0006365  |4 cmp 
245 1 0 |a Jarní vody  |h [hudebnina] :  |b blues /  |c Franta Čech ; slova Eugen Adamec 
260 |a Praha :  |b Tkačuk,  |c 1946 
300 |a 1 sv. (nestránkován) 
500 |a Značkovaný zpěv 
700 1 |a Adamec, Eugen  |7 mzk2013754742  |4 lyr 
910 |a BOA001  |b Mus1-0588.814 
990 |a MU 
991 |b 200911 
996 6 |b 2619920041  |c Mus1-0588.814  |l MZK  |r Sklad / do 1 hodiny  |n 0  |w 000220506  |u 000010  |a 1  |e BOA001  |j MZK50  |s P